000 00455nam a2200157 i 4500
001 31589
003 ES-MaACL
005 20230906154418.0
007 t|
008 030129s1961 sp ||||1| spa d
100 1 _aBeneyto, Juan.
_927558
245 1 0 _aHistoria social de España y de Hispanoamérica /
_cJuan Beneyto.
260 _aMadrid :
_bM. Aguilar,
_c1961 (
_fPueyo)
300 _a519 p., 17 lám. ;
_c23 cm.
852 _aES-MaACL
_jC-19827
_bR.47744
999 _c31589
_d31589